Swamy's compilation of introduction to Indian government accounts and audit [corrected up to 1st February, 1989] / (Record no. 7220)

MARC details
000 -LEADER
fixed length control field 00576nam a22001817a 4500
003 - CONTROL NUMBER IDENTIFIER
control field GBCCL
005 - DATE AND TIME OF LATEST TRANSACTION
control field 20241126110622.0
008 - FIXED-LENGTH DATA ELEMENTS--GENERAL INFORMATION
fixed length control field 180719b ||||| |||| 00| 0 eng d
040 ## - CATALOGING SOURCE
Transcribing agency gbc
082 ## - DEWEY DECIMAL CLASSIFICATION NUMBER
Classification number 657.83500954
Item number MUT
100 ## - MAIN ENTRY--PERSONAL NAME
Personal name Muthuswamy, P.
9 (RLIN) 12787
245 ## - TITLE STATEMENT
Title Swamy's compilation of introduction to Indian government accounts and audit [corrected up to 1st February, 1989] /
Statement of responsibility, etc. P. Muthuswamy
250 ## - EDITION STATEMENT
Edition statement 4th ed.
260 ## - PUBLICATION, DISTRIBUTION, ETC.
Name of publisher, distributor, etc. Swamy Publishers,
Place of publication, distribution, etc. Madras:
Date of publication, distribution, etc. 1989
300 ## - PHYSICAL DESCRIPTION
Extent 264 p.;
Other physical details ill.,
Dimensions 20 cm.
650 ## - SUBJECT ADDED ENTRY--TOPICAL TERM
Topical term or geographic name entry element Accounts and Audit
Geographic subdivision India
9 (RLIN) 12788
942 ## - ADDED ENTRY ELEMENTS (KOHA)
Source of classification or shelving scheme Dewey Decimal Classification
Koha item type Books
Holdings
Withdrawn status Lost status Source of classification or shelving scheme Damaged status Not for loan Home library Current Library Shelving location Date acquired Total checkouts Full call number Barcode Date last seen Copy number Price effective from Koha item type
    Dewey Decimal Classification     GRACE BIBLE COLLEGE GRACE BIBLE COLLEGE General Studies 2018-07-19   657.83500954 MUT 013433 2025-05-01 c.1 2018-07-19 Books
© Grace Bible College Library 2025